MARC details
| 000 -CABECERA |
| campo de control de longitud fija |
01706nam a2200301 a 4500 |
| 001 - NÚMERO DE CONTROL |
| campo de control |
000000820 |
| 005 - FECHA Y HORA DE LA ÚLTIMA TRANSACCIÓN |
| campo de control |
20240502132913.0 |
| 008 - DATOS DE LONGITUD FIJA--INFORMACIÓN GENERAL |
| campo de control de longitud fija |
090522s2004 dr a r 001 0 spa d |
| 020 ## - NÚMERO INTERNACIONAL ESTÁNDAR DEL LIBRO |
| Número Internacional Estándar del Libro |
9993461911 |
| 020 ## - NÚMERO INTERNACIONAL ESTÁNDAR DEL LIBRO |
| Número Internacional Estándar del Libro |
9789993461913 |
| 040 ## - FUENTE DE LA CATALOGACIÓN |
| Centro catalogador/agencia de origen |
DO-SdBNP |
| Lengua de catalogación |
spa |
| Centro/agencia transcriptor |
BNPHU |
| 082 ## - NÚMERO DE LA CLASIFICACIÓN DECIMAL DEWEY |
| Número de clasificación |
230 |
| Número de documento/Ítem |
G934d,2004 |
| 100 1# - ENTRADA PRINCIPAL--NOMBRE DE PERSONA |
| Nombre de persona |
Guerrero Ramírez, Rafael, |
| Fechas asociadas al nombre |
1962- |
| 9 (RLIN) |
2867 |
| 245 10 - MENCIÓN DE TÍTULO |
| Título |
Después de Cristo y antes de Lutero / |
| Mención de responsabilidad, etc. |
Rafael Guerrero Ramírez ; prólogo Guillermo Crandall. |
| 260 ## - PUBLICACIÓN, DISTRIBUCIÓN, ETC. |
| Lugar de publicación, distribución, etc. |
Santo Domingo : |
| Nombre del editor, distribuidor, etc. |
Búho, |
| Fecha de publicación, distribución, etc. |
2004. |
| 300 ## - DESCRIPCIÓN FÍSICA |
| Extensión |
89 p. : |
| Otras características físicas |
il. ; |
| Dimensiones |
21 cm. |
| 500 ## - NOTA GENERAL |
| Nota general |
Incluye citas bíblicas en ambas solapas. |
| 500 ## - NOTA GENERAL |
| Nota general |
Incluye datos biográficos del autor en la contracubierta. |
| 504 ## - NOTA DE BIBLIOGRAFÍA, ETC. |
| Nota de bibliografía, etc. |
Bibliografía : p. 79-80. |
| 505 0# - NOTA DE CONTENIDO CON FORMATO |
| Información miscelánea |
Prólogo -- |
| Título |
Introducción -- |
| -- |
Prefacio -- |
| -- |
El judaísmo: génesis del cristianismo -- |
| -- |
Jesucristo: el único fundamento -- |
| -- |
Los apóstoles de Jesucristo: peritos arquitectos -- |
| -- |
El Imperio Romano: plataforma del catolicismo -- |
| -- |
El catolicismo: una secta del cristianismo -- |
| -- |
El descubrimiento de América: base para la catolización -- |
| -- |
La reforma protestante: regreso a la forma original -- |
| -- |
Las noventa y cinco tesis: una argumentación irresistible -- |
| -- |
Los Estados Unidos de América: un instrumento de Dios para la difusión de la fe evangélica -- |
| -- |
La iglesia evangélica en la República Dominicana: parte del cuerpo de Cristo -- |
| Información miscelánea |
Conclusión -- |
| -- |
Bibliografía -- |
| -- |
Apéndices. |
| 590 ## - NOTA LOCAL (RLIN) |
| Nota local |
Inventariado, 2018/BT |
| 650 #0 - PUNTO DE ACCESO ADICIONAL DE MATERIA--TÉRMINO DE MATERIA |
| Término de materia o nombre geográfico como elemento de entrada |
Cristianismo |
| 9 (RLIN) |
885 |
| 650 #4 - PUNTO DE ACCESO ADICIONAL DE MATERIA--TÉRMINO DE MATERIA |
| Término de materia o nombre geográfico como elemento de entrada |
Jesucristo |
| 9 (RLIN) |
1304 |
| 650 #4 - PUNTO DE ACCESO ADICIONAL DE MATERIA--TÉRMINO DE MATERIA |
| Término de materia o nombre geográfico como elemento de entrada |
Judaísmo (teología cristiana) |
| 9 (RLIN) |
2868 |
| 650 #4 - PUNTO DE ACCESO ADICIONAL DE MATERIA--TÉRMINO DE MATERIA |
| Término de materia o nombre geográfico como elemento de entrada |
Evangelicalismo |
| 9 (RLIN) |
475 |
| 700 1# - PUNTO DE ACCESO ADICIONAL--NOMBRE DE PERSONA |
| Nombre de persona |
Crandall, Guillermo, |
| Término indicativo de función/relación |
pról. |
| 9 (RLIN) |
2869 |
| 910 ## - DATOS DE OPCIÓN DEL USUARIO (OCLC) |
| Datos de opción del usuario |
Validado. Control de calidad EMS |